Pegawai perhubungan awam

Bibliographic Details
Main Author: Mohd Yahya Mohamed Ariffin
Format: Book
Published: KL : Utusan Pub & Dist. Sdn Bhd , 2007
Series:Siri bimbingan kerjaya utusan
Subjects:

MARC

LEADER 00000cam a2200000 7i4500
001 0000039012
005 20151222.0
008 131129
020 |a 9676120502 
090 0 0 |a OCC   |b MAL 
100 0 |a Mohd Yahya Mohamed Ariffin 
245 1 0 |a Pegawai perhubungan awam   |c Mohd Yahya Mohamed Ariffin 
260 |a KL :   |b Utusan Pub & Dist. Sdn Bhd ,   |c 2007 
440 |a Siri bimbingan kerjaya utusan 
500 |a Children ages 10-12 years old (pink) 
650 0 |a Public relations   |x Vocational guidance 
999 |a 0001134832   |b Book   |c Children Collection   |e Cawangan Mersing 
999 |a 0001255034   |b Book   |c Children Collection   |e Cawangan Mersing 
999 |a 0001255035   |b Book   |c Children Collection   |e Cawangan Bukit Gambir 
999 |a 0001255043   |b Book   |c Children Collection   |e Cawangan Pontian 
999 |a 0001255044   |b Book   |c Children Collection   |e Cawangan Tmn. Ungku Tun Aminah 
999 |a 0001255046   |b Book   |c Children Collection   |e Cawangan Segamat 
999 |a 0001255795   |b Book   |c Children Collection   |e Perbadanan Perpustakaan Awam Johor 
999 |a 0001257395   |b Book   |c Children Collection   |e Perbadanan Perpustakaan Awam Johor